Guess The Country #1 - Statistics

General Stats
  • This quiz has been taken 23 times
  • The average score is 7 of 15
Answer Stats
Hint Country % Correct
The last country in alphabetical order Zimbabwe
81%
5th biggest country by area Brazil
71%
South of Sicily Malta
67%
Starts with A and has 3 words in its capital Andorra
62%
Newest country South Sudan
62%
The first country to invent the plane United States
57%
Country with the most islands Sweden
43%
The smallest country in Africa Seychelles
38%
The only flag to have no Red White or Blue Jamaica
33%
Most inflated country Venezuela
33%
The smallest non micro-state country Nauru
29%
Lowest GDP Burundi
24%
Considered the least livable country Niger
19%
What country has the most letters in the name United Kingdom
19%
Country with the most colors in their flag Belize
14%
No matching quizzes found
Score Distribution
Percent of People with Each Score
Percentile by Number Answered
Your Score History
You have not taken this quiz